000
00284nam a22001337a 4500
008
181012b xxu||||| |||| 00| 0 eng d
020
_a
9781412941617
041
_a
eng
080
_a
658
100
_a
54
101
_a
LID
245
_a
Leadership
_c
Northouse, P.G
942
_2
udc
_c
BK
999
_c
49496
_d
49496